LEADER 02102nam2 22004693i 450 001 VAN00278345 005 20250127040546.448 017 70$2N$a9789811665776 100 $a20240620d2022 |0itac50 ba 101 $aeng 102 $aSG 105 $a|||| ||||| 200 1 $aˆ2: ‰Topological Groups, Topology of Manifolds and Lie Groups$fAvishek Adhikari, Mahima Ranjan Adhikari 210 $aSingapore$cSpringer$d2022 215 $axxiv, 367 p.$cill.$d24 cm 461 1$1001VAN00278343$12001 $aBasic Topology$1210 $aSingapore$cSpringer$d2022$1215 $a3 volumi$cill.$d24 cm$v2 606 $a22Exx$xLie groups [MSC 2020]$3VANC020588$2MF 606 $a54-XX$xGeneral topology [MSC 2020]$3VANC020587$2MF 606 $a54H11$xTopological groups (topological aspects) [MSC 2020]$3VANC028927$2MF 606 $a57-XX$xManifolds and cell complexes [MSC 2020]$3VANC019671$2MF 606 $a57N17$xTopology of topological vector spaces [MSC 2020]$3VANC024218$2MF 606 $a57Rxx$xDifferential topology [MSC 2020]$3VANC023570$2MF 610 $aCohomology$9KW:K 610 $aC°°-structures$9KW:K 610 $aHomology$9KW:K 610 $aHomotopy$9KW:K 610 $aLie Algebras$9KW:K 610 $aLie groups$9KW:K 610 $aManifolds$9KW:K 610 $aTopological Manifolds$9KW:K 620 $aSG$dSingapore$3VANL000061 700 1$aAdhikari$bAvishek$3VANV081367$0721186 701 1$aAdhikari$bMahima Ranjan$3VANV230878$0957608 712 $aSpringer $3VANV108073$4650 801 $aIT$bSOL$c20250606$gRICA 856 4 $uhttps://doi.org/10.1007/978-981-16-6577-6$zE-book ? Accesso al full-text attraverso riconoscimento IP di Ateneo, proxy e/o Shibboleth 899 $aBIBLIOTECA DEL DIPARTIMENTO DI MATEMATICA E FISICA$1IT-CE0120$2VAN08 912 $fN 912 $aVAN00278345 950 $aBIBLIOTECA DEL DIPARTIMENTO DI MATEMATICA E FISICA$d08DLOAD e-Book 8968 $e08eMF8968 20240701 996 $aTopological Groups, Topology of Manifolds and Lie Groups$94165376 997 $aUNICAMPANIA LEADER 01240nam0 2200265 i 450 001 VAN00070065 005 20240806100549.278 010 $a88-14-13367-0 100 $a20090515d2007 |0itac50 ba 101 $aita 102 $aIT 105 $a|||| ||||| 200 1 $aˆI ‰delitti contro le confessioni religiose dopo la Legge 24 febbraio 2006, n. 85$eproblemi e prospettive di comparazione$fVincenzo Pacillo 210 $aMilano$cGiuffrè$d2007 215 $aIX, 196 p.$d24 cm. 410 1$1001VAN00010425$12001 $aCollana del Dipartimento di scienze giuridiche e della Facoltà di giurisprudenza dell'Università di Modena e Reggio Emilia. N. S$1210 $aMilano$cGiuffrè$v75 620 $dMilano$3VANL000284 700 1$aPacillo$bVincenzo$3VANV019939$0281727 712 $aGiuffrè $3VANV109181$4650 801 $aIT$bSOL$c20251114$gRICA 899 $aBIBLIOTECA DEL DIPARTIMENTO DI GIURISPRUDENZA$1IT-CE0105$2VAN00 912 $aVAN00070065 950 $aBIBLIOTECA DEL DIPARTIMENTO DI GIURISPRUDENZA$d00CONS XII.Ee.31 $e00BFG1710 20090521 996 $aDelitti contro le confessioni religiose dopo la legge 24 febbraio 2006, n. 85$9713331 997 $aUNICAMPANIA